000 00744nam a2200229Ia 4500
001 9131
003 GE_BSU
008 181216s||||||||xx |||||||||||||| ||und||
040 _cGE_BSU
080 _a821.353.1-4
100 _aკუჭავა,დანიელ
245 _aსიცოცხლის სიყვარულით
245 _bნარკვევები
245 _cრედ:ლ.ბეჟანიძე;მხატვ:ა.ლომაძე
260 _aბათუმი.
260 _bსაბჭ.აჭარა.
260 _c1974
300 _a107გვ;17სმ
653 _aნარკვევები
653 _aსიცოცხლის სიყვარულით
942 _cBK
999 _c42435
_d42435